=LDR 00000nam 2200000 4500 =001 INLIS000000000029056 =005 20200806125217 =035 ##$$a 0010-061300000029056 =008 200806################g##########0#ind## =041 ##$$a Ind =082 ##$$a 2x9.8 =090 ##$$a 2x9.8, Sya t =100 ##$$a Syafa, Zacky A =245 1#$$a Tokoh-tokoh muslim /$c A. Zacky Syafa', S. Ag =260 ##$$a Surabaya :$b Putra Pelajar,$c 2004 =300 ##$$a x, 228 hlm, ; $c 21 x 14 cm. =650 #4$$a Biografi-Tokoh-tokoh Muslim =850 ##$$a NBPNMAT =084 ##$$a 2x9.8 SYA t =250 ##$$a cet. 1 =990 ##$$a 0001/BPAP-NTB/20142014 =990 ##$$a 01201711516 =990 ##$$a 20800354 =990 ##$$a 20800354 =990 ##$$a 0001/BPAP-NTB/20142014 =990 ##$$a 01201711516 =990 ##$$a 20800355 =990 ##$$a 0001/BPAP-NTB/20142014 =990 ##$$a 20800354 =990 ##$$a 20800353 =990 ##$$a 20800355 =990 ##$$a 20800354